[Event "Perth Chess League"]
[Site "Perth AUS"]
[Date "2024.03.12"]
[Round "1.1"]
[White "Ferozkohi,Ihsan"]
[Black "Holland,Dennis"]
[Result "1-0"]
[BlackElo "2018"]
[BlackFideId "3206491"]
[EventDate "2024.03.12"]
[PlyCount "0"]
[WhiteElo "2424"]
[WhiteFideId "24666866"]

1. Nf3 d5 2. g3 Nf6 3. Bg2 c6 4. b3 Bf5 5. Bb2 e6 6. O-O Be7 7. d3 h6 8. Nbd2
O-O 9. Ne5 Nbd7 10. e4 Bh7 11. f4 dxe4 12. dxe4 Nxe5 13. Bxe5 Qb6+ 14. Kh1 Rad8
15. Qe2 Nd7 16. Nc4 Qa6 17. Bb2 Bf6 18. Bxf6 Nxf6 19. e5 Nd5 20. Be4 Nb6 21.
Bxh7+ Kxh7 22. Qe4+ g6 23. Nd6 Nc8 24. Nc4 b5 25. Ne3 Rd2 26. f5 exf5 27. Nxf5
b4 28. Qe3 Qe2 29. Qxh6+  1-0

[Event "Perth Chess League"]
[Site "Perth AUS"]
[Date "2024.03.12"]
[Round "1.2"]
[White "Hare,Tim"]
[Black "King,David"]
[Result "0-1"]
[BlackElo "2040"]
[BlackFideId "3246680"]
[EventDate "2024.03.12"]
[PlyCount "0"]
[WhiteElo "2288"]
[WhiteFideId "4300629"]

1. Nf3 d5 2. g3 Nf6 3. Bg2 c6 4. b3 Bf5 5. Bb2 e6 6. O-O Be7 7. d3 h6 8. Nbd2
O-O 9. e3 a5 10. a3 Nbd7 11. Qe2 Bh7 12. e4 Ne8 13. e5 c5 14. Rfc1 Nb8 15. d4
Nc6 16. c3 Qb8 17. dxc5 Bxc5 18. b4 Bb6 19. b5 Ne7 20. c4 Qa7 21. a4 Rd8 22.
Ba3 Bc5 23. Bxc5 Qxc5 24. cxd5 Qxd5 25. Nf1 Qd7 26. Rd1 Nd5 27. Qb2 Nec7 28.
Ne3 Qe7 29. Nc4 Qb4 30. Bf1 Qxb2 31. Nxb2 Nc3 32. Rdc1 N7d5 33. Nc4 Ra8 34. Ra3
Ne4 35. Ne3 Nxe3 36. Rxe3 Rac8 37. Rc4 Rxc4 38. Bxc4 Rc8 39. Bb3 Rc1+ 40. Kg2
Nc5 41. Nd4 Nxb3 42. Nxb3 Rc4 43. Nxa5 Rxa4 44. Nxb7 Be4+ 45. Rxe4 Rxe4 46. Nd6
Rxe5 47. b6 Re1 48. Nc4 Rb1 49. f4 Rb4 50. Ne3 Rxb6 51. Kf3 f6 52. h4 h5 53.
Ke4 Rb3 54. Kd4 Kf7 55. Ke4 Kg6 56. Kf3 Rxe3+ 57. Kxe3 Kf5 58. Kf3 e5 59. fxe5
fxe5  0-1

[Event "Perth Chess League"]
[Site "Perth AUS"]
[Date "2024.03.12"]
[Round "1.3"]
[White "Soutar,Gavin"]
[Black "Wu,Kobe"]
[Result "1-0"]
[BlackElo "1516"]
[BlackFideId "3257355"]
[EventDate "2024.03.12"]
[PlyCount "0"]
[WhiteElo "1717"]
[WhiteFideId "3228991"]

1. c4 c6 2. d4 d5 3. cxd5 cxd5 4. Nc3 Nf6 5. Nf3 Nc6 6. Bf4 e6 7. e3 Bd6 8. Bxd6
Qxd6 9. Bd3 O-O 10. O-O b6 11. Rc1 Nb4 12. Bb1 Ba6 13. Re1 Rac8 14. a3 Nc6 15.
b4 Bc4 16. Bd3 a6 17. Na4 b5 18. Nc5 Nb8 19. Ne5 Nbd7 20. Nexd7 Nxd7 21. e4
Nxc5 22. dxc5 Qc7 23. exd5 exd5 24. Re3 Rfe8 25. Qe2 Rxe3 26. Qxe3 Qd7 27. Re1
h6 28. Bc2 Kf8 29. h3 Re8 30. Qxe8+ { After playing this move White had 1
minute on his clock against Black's 51 minutes. He played the next 39 moves on
the increment.}  30... Qxe8 31. Rxe8+ Kxe8 32. f3 Kd7 33. Kf2 d4 34. Ke1 Kc6
35. Kd2 Bf1 36. Be4+ Kc7 37. g4 Bxh3 38. Kd3 Bf1+ 39. Kxd4 f6 40. Ke3 g5 41.
Bd3 Bxd3 42. Kxd3 Kd7 43. Kd4 f5 44. Ke5 fxg4 45. fxg4 Ke7 46. c6 Kd8 47. Kf6
Kc7 48. Kg6 Kxc6 49. Kxh6 Kd5 50. Kxg5 Kc4 51. Kf6 Kb3 52. g5 Kxa3 53. g6 Kxb4
54. g7 a5 55. g8=Q a4 56. Qa2 a3 57. Ke5 Ka4 58. Qc2+ Ka5 59. Qb3 b4 60. Kd4
Kb5 61. Kd5 Ka5 62. Kc4 Ka6 63. Kxb4 a2 64. Qxa2+ Kb6 65. Qe6+ Kc7 66. Kb5 Kd8
67. Qf7 Kc8 68. Kc6 Kb8 69. Qb7#  1-0

[Event "Perth Chess League"]
[Site "Perth AUS"]
[Date "2024.03.12"]
[Round "1.4"]
[White "Milovanovic,Stevica"]
[Black "Gong,Leo"]
[Result "0-1"]
[BlackElo "1234"]
[BlackFideId "3258726"]
[EventDate "2024.03.12"]
[PlyCount "0"]
[WhiteElo "1506"]
[WhiteFideId "3237540"]

1. e4 e5 2. Bc4 Nf6 3. d3 h6 4. Nc3 Bc5 5. a3 a6 6. Nf3 d6 7. O-O Bg4 8. h3 Bh5
9. Qe2 Nc6 10. g4 Nxg4 11. hxg4 Bxg4 12. Nd5 Nd4 13. Ne3 Nxe2+  0-1

[Event "Perth Chess League"]
[Site "Perth AUS"]
[Date "2024.03.12"]
[Round "1.5"]
[White "Spirin,Victor"]
[Black "Hardegen,Andrew"]
[Result "1/2-1/2"]
[BlackElo "2080"]
[BlackFideId "3204081"]
[EventDate "2024.03.12"]
[PlyCount "0"]
[WhiteElo "2204"]
[WhiteFideId "54131170"]

1. d4 d5 2. c4 c6 3. Nf3 Nf6 4. Nc3 a6 5. a4 e6 6. g3 Bb4 7. Bg2 O-O 8. O-O a5
9. Ne5 Qe7 10. Qb3 Nbd7 11. f4 Nxe5 12. fxe5 Nd7 13. e4 dxc4 14. Qxc4 c5 15.
Be3 b6 16. Nb5 Ba6 17. d5 Nxe5 18. Qe2 Rad8 19. Bf4 exd5 20. exd5 f6 21. Rad1
Rfe8 22. Qh5 g6 23. Qe2 Kg7 24. h3 Qd7 25. Kh2 h5 26. Qf2 Rf8 27. Qe3 Rfe8 28.
Qf2 Qe7 29. d6 Qf8 30. Nc7 Bxf1 31. Bxf1 g5 32. Bc1 c4 33. Nxe8+ Qxe8 34. Qxb6
Nd3 35. Qc7+ Rd7 36. Qxc4 Nxc1 37. Qxc1 h4 38. Qc6 hxg3+ 39. Kg2 Qe6 40. Bc4
Qf5 41. Rf1 Qc2+ 42. Kxg3 Rxd6 43. Qb7+ Kh6 44. b3 Qc3+ 45. Qf3 Qe5+ 46. Kg2
Rd2+ 47. Rf2 Rxf2+ 48. Qxf2 Bc5  1/2-1/2

[Event "Perth Chess League"]
[Site "Perth AUS"]
[Date "2024.03.12"]
[Round "1.6"]
[White "Clarke,Daniel"]
[Black "Hardegen,Kathryn"]
[Result "0-1"]
[BlackElo "1990"]
[BlackFideId "3226778"]
[EventDate "2024.03.12"]
[PlyCount "0"]
[WhiteElo "1922"]
[WhiteFideId "3247570"]

1. e4 d6 2. d4 c6 3. Nc3 Nf6 4. Bd3 e5 5. Nge2 Be7 6. O-O O-O 7. h3 Nbd7 8. a4
Re8 9. a5 Rb8 10. Be3 Bf8 11. Qd2 b5 12. b4 a6 13. d5 cxd5 14. Nxd5 Nxd5 15.
exd5 e4 16. Nd4 exd3 17. Nc6 Qc7 18. Nxb8 Qxb8 19. Qxd3 Ne5 20. Qd1 Bf5 21. Bd4
Qc8 22. c3 Rd8 23. Re1 f6 24. Re3 Qb7 25. Bb6 Rc8 26. Rg3 Bg6 27. Qd4 Rc4 28.
Qd2 Nd7 29. Qe3 Re4 30. Qf3 Qxd5 31. Rd1 Qe6 32. Bd4 d5 33. Rg4 Re1+ 34. Rxe1
Qxe1+ 35. Kh2 Bd6+ 36. g3 Be4 37. Rxe4 Qxe4 38. Qh5 g6 39. Qd1 Ne5 40. Be3 Nf3+
41. Kg2 Ne5+ 42. Kh2 Nc4 43. Bd4 Be5 44. f3 Qf5 45. Bc5 Qe6 46. Qc1 Bd6 47. Qg1
Qe2+ 48. Kh1 Qxf3+ 49. Kh2 Qe2+ 50. Kh1 Be5 51. Bd4 Qe4+ 52. Kh2 Nd2 53. Qg2
Nf3+ 54. Kh1 Bxd4 55. cxd4 Qe1+ 56. Qg1 Qxg1#  0-1

[Event "Perth Chess League"]
[Site "Perth AUS"]
[Date "2024.03.12"]
[Round "1.7"]
[White "Kerr,Carter"]
[Black "Huang,Hui"]
[Result "1-0"]
[BlackElo "1701"]
[BlackFideId "3247597"]
[EventDate "2024.03.12"]
[PlyCount "0"]
[WhiteElo "1875"]
[WhiteFideId "3261859"]

1. e4 Nf6 2. Nc3 e5 3. f4 d5 4. fxe5 Nxe4 5. Qf3 f5 6. d3 Nxc3 7. bxc3 d4 8. Ne2
dxc3 9. Nf4 g6 10. Nd5 Bg7 11. Ba3 Nc6 12. Nxc3 Qd4 13. Bb2 Qxe5+ 14. Kd2 Bh6+
15. Kd1 Nd4 16. Qd5 Qf4 17. Bc1 Qg4+ 18. Be2 Nxe2 19. Qe5+ Kd7 20. Nxe2 Re8 21.
Qd5+ Ke7 22. Bxh6 Be6 23. Qc5+ Kf7 24. Qxc7+ Re7 25. Qg3 Qh5 26. Qg5 Qxg5 27.
Bxg5 Rc7 28. Nd4 Bd5 29. Nf3 Rac8 30. c4 Bxf3+ 31. gxf3 Rd7 32. Kc2 b5 33. Rad1
bxc4 34. dxc4 Rxc4+ 35. Kb3 Rdc7 36. Rd7+ Rxd7 37. Kxc4 Rb7 38. Re1 Rb2 39.
Re7+ Kg8 40. Rxa7 Rxh2 41. a4 h5 42. a5 h4 43. a6 h3 44. Ra8+ Kh7 45. Bf6 g5
46. a7 Ra2 47. Bd4 g4 48. fxg4 fxg4 49. Rh8+ Kg6 50. a8=Q Rxa8 51. Rxa8 Kg5 52.
Kd3 Kf4 53. Ke2 Kg3 54. Be5+ Kg2 55. Rg8 h2 56. Bxh2 Kxh2 57. Rxg4 Kh3 58. Kf3
Kh2 59. Rg3 Kh1 60. Kf2 Kh2 61. Rf3 Kh1 62. Rh3#  1-0

[Event "Perth Chess League"]
[Site "Perth AUS"]
[Date "2024.03.12"]
[Round "1.8"]
[White "Gough,Dylan"]
[Black "Huang,Yuqi (Ricky)"]
[Result "1-0"]
[BlackElo "1372"]
[BlackFideId "3268250"]
[EventDate "2024.03.12"]
[PlyCount "0"]
[WhiteElo "1784"]
[WhiteFideId "3243176"]

1. d4 Nf6 2. c4 c5 3. e3 g6 4. Nf3 Bg7 5. Nc3 O-O 6. Be2 d6 7. h3 Nbd7 8. O-O
Ne8 9. Qc2 e5 10. dxe5 Nxe5 11. Rd1 Be6 12. Nxe5 Bxe5 13. b3 Qf6 14. Bb2 Bf5
15. Bd3 Bxd3 16. Rxd3 Qh4 17. Nd5 Bxb2 18. Qxb2 Qd8 19. Rad1 f6 20. Nc3 a6 21.
Ne4 Qe7 22. Nxd6 Nxd6 23. Rxd6 Rfd8 24. Qd2 Rxd6 25. Qxd6 Qxd6 26. Rxd6 f5 27.
Kf1 Rb8 28. a4 Kf7 29. Rd7+ Kg8 30. Ke2 b5 31. axb5 axb5 32. Rc7 bxc4 33. bxc4
Rb2+ 34. Kf3 Rc2 35. Rxc5 Kg7 36. g4 Kf6 37. Kg3 h6 38. Rc6+ Kg7 39. c5 Kh7 40.
Rc7+ Kg8 41. c6 Kh8 42. gxf5 gxf5 43. f3 Rc4 44. Rc8+ Kh7 45. c7 Kg7 46. e4
fxe4 47. fxe4 Kh7 48. Kf4 Kg7 49. Kf5 Rc6 50. e5 Rc5 51. Ke6 Rc1 52. Rd8 Rxc7
53. Rd7+ Rxd7 54. Kxd7 Kg6 55. e6 Kg5 56. e7 Kh4 57. e8=Q Kxh3 58. Qh5+ Kg3 59.
Qxh6 Kg4 60. Qf6 Kg3  1-0

[Event "Perth Chess League"]
[Site "Perth AUS"]
[Date "2024.03.12"]
[Round "1.9"]
[White "Barry,David"]
[Black "Plaganyi,Gyula"]
[Result "1/2-1/2"]
[BlackElo "2053"]
[BlackFideId "3217515"]
[EventDate "2024.03.12"]
[PlyCount "0"]
[WhiteElo "1941"]
[WhiteFideId "3234487"]

1. e4 c5 2. Nf3 g6 3. d4 cxd4 4. Nxd4 Nc6 5. Nc3 Bg7 6. Be3 Nf6 7. Be2 O-O 8.
O-O d5 9. exd5 Nxd5 10. Nxc6 bxc6 11. Nxd5 cxd5 12. c3 a5 13. Bb5 Ba6 14. Bxa6
Rxa6 15. Re1 e6 16. Bd4 Bxd4 17. cxd4 Qb6 18. b3 a4 19. Qd3 Rfa8 20. Reb1 axb3
21. Rxb3 Qd6 22. Qd2 Ra3 23. Qb2 Rxb3 24. Qxb3 Qa3 25. Qb7 Kf8 26. g3 Qa6 27.
Qb4+ Ke8 28. a4 Qa5 29. Qb7 Qa6 30. Qb4 Qa5 31. Qb7 Qa7 32. Qc6+ Kf8 33. Rb1
Kg7 34. Rb7 Qa6 35. Qc7 Rf8 36. a5 Qc4 37. Qxc4 { Draw agreed.}   1/2-1/2

[Event "Perth Chess League"]
[Site "Perth AUS"]
[Date "2024.03.12"]
[Round "1.10"]
[White "Simonds,Marcus"]
[Black "Curthoys,Edward"]
[Result "0-1"]
[BlackElo "1906"]
[BlackFideId "3261468"]
[EventDate "2024.03.12"]
[PlyCount "0"]
[WhiteElo "1795"]
[WhiteFideId "3237575"]

1. d4 d5 2. Bf4 Nf6 3. e3 e6 4. Nd2 Bd6 5. Bg3 c5 6. c3 Nc6 7. Bd3 e5 8. dxe5
Nxe5 9. Be2 O-O 10. Ngf3 Nc6 11. Qc2 a6 12. a4 Re8 13. Bd3 d4 14. e4 Bf5 15.
O-O Bg6 16. Rfe1 Bxg3 17. hxg3 Ng4 18. Nf1 h6 19. Nh4 Bh7 20. f4 dxc3 21. bxc3
Qb6 22. Bc4 Na5 23. Qa2 Nxc4 24. Qxc4 Qc6 25. Qd5 Bxe4 26. Qh5 Nf6 27. Qd1 Rad8
28. Qc1 c4 29. Ne3 Qc5 30. Kh1 Rd3 31. Ra2 g5 32. fxg5 Qxg5 33. Nd5 Rxd5 34.
Qxg5+ hxg5  0-1

[Event "Perth Chess League"]
[Site "Perth AUS"]
[Date "2024.03.12"]
[Round "1.11"]
[White "Roebuck,Derek J"]
[Black "Balavignan,Ashvin"]
[Result "0-1"]
[BlackElo "1839"]
[BlackFideId "3261425"]
[EventDate "2024.03.12"]
[PlyCount "0"]
[WhiteElo "1781"]
[WhiteFideId "3226999"]

1. e4 e6 2. Nf3 d5 3. e5 c5 4. b4 cxb4 5. d4 Nc6 6. Bd3 Nge7 7. a3 bxa3 8. Nxa3
Ng6 9. O-O Be7 10. g3 f5 11. c3 Nf8 12. Kg2 g5 13. Nxg5 Ng6 14. Qh5 Bd7 15. Nb5
a6 16. Nd6+ Bxd6 17. exd6 Qf6 18. f4 Nd8 19. Nf3 Nf7 20. Ba3 Qg7 21. Ne5 Nfxe5
22. dxe5 Bc6 23. Kf2 Qf7 24. Qe2 h5 25. h4 Rh7 26. Bc5 Nh8 27. Rfb1 Qd7 28. Bb6
Qg7 29. Rg1 Qg4 30. Qxg4 hxg4 31. Rgb1 Rc8 32. Bc7 Ng6 33. Ke3 Nf8 34. c4 Nd7
35. cxd5 Bxd5 36. Rc1 Rh8  0-1

[Event "Perth Chess League"]
[Site "Perth AUS"]
[Date "2024.03.12"]
[Round "1.12"]
[White "Moseley,Paul"]
[Black "Kerr,Lennon"]
[Result "0-1"]
[BlackElo "1712"]
[BlackFideId "3261735"]
[EventDate "2024.03.12"]
[PlyCount "0"]
[WhiteElo "1553"]
[WhiteFideId "3250911"]

1. d4 d5 2. Nf3 Nf6 3. e3 e6 4. Bd3 c5 5. b3 Nc6 6. Bb2 Be7 7. Nbd2 O-O 8. O-O
Re8 9. a3 Bd6 10. Ne5 Qc7 11. f4 Qb6 12. Nxc6 bxc6 13. e4 dxe4 14. Nxe4 Nxe4
15. Bxe4 f5 16. Bf3 Rd8 17. c4 cxd4 18. Kh1 Be7 19. Qd3 Bf6 20. Rac1 Rb8 21.
Bd1 c5 22. Bc2 Bb7 23. Rfe1 g6 24. Rb1 Qd6 25. Qe2 d3 26. Bxd3 Bxb2 27. Rxb2
Qc6 28. Bb1 Rd4 29. Rf1 Rbd8 30. h3 R8d6 31. Kh2 Qd7 32. Rf2 Kf7 33. Ba2 Be4
34. h4 Qe7 35. g3 Qf6 36. Rf1 Bd3 37. Qe5 Qd8 38. Rff2 Be4 39. Qxc5 Rd1 40. Kh3
Rh1+ 41. Rh2 Rhd1 42. Qxa7+ Rd7 43. Qf2 R7d3 44. b4 Rf3 45. Rd2 Rxf2 46. Rxd8
Rxh2+  0-1

[Event "Perth Chess League"]
[Site "Perth AUS"]
[Date "2024.04.22"]
[Round "2.1"]
[White "Hare,Tim"]
[Black "Spirin,Victor"]
[Result "1/2-1/2"]
[BlackElo "2204"]
[BlackFideId "54131170"]
[EventDate "2024.03.12"]
[PlyCount "0"]
[WhiteElo "2288"]
[WhiteFideId "4300629"]

1. Nf3 d5 2. g3 g6 3. Bg2 Bg7 4. O-O e5 5. d3 Ne7 6. e4 Nbc6 7. Nc3 dxe4 8. dxe4
Qxd1 9. Rxd1 Bg4 10. Be3 a6 11. Rd2 O-O 12. h3 Bxf3 13. Bxf3 Rad8 14. Rad1 Rxd2
15. Rxd2 Rd8 16. Rxd8+ Nxd8 17. Nd5 Nxd5 18. exd5 f5 19. Be2 Nf7 20. c4 e4 21.
b4 Bc3 22. a3 Bb2 23. a4 Bc3 24. b5 axb5 25. axb5 b6 26. c5 bxc5 27. Bxc5 Ba5
28. Kg2 Bb6 29. Bb4  1/2-1/2

[Event "Perth Chess League"]
[Site "Perth AUS"]
[Date "2024.04.22"]
[Round "2.2"]
[White "McAteer,Ian"]
[Black "Wolstencroft,Alan"]
[Result "1-0"]
[BlackElo "1900"]
[BlackFideId "3228304"]
[EventDate "2024.03.12"]
[PlyCount "0"]
[WhiteElo "1779"]
[WhiteFideId "3230015"]

1. d4 g6 2. Nc3 Bg7 3. Bf4 d6 4. e3 Nf6 5. h4 c6 6. Bd3 Qb6 7. Rb1 a5 8. Na4 Qc7
9. c4 Nbd7 10. Ne2 Nb6 11. Nac3 Be6 12. b3 O-O 13. e4 Bg4 14. f3 Bd7 15. Qd2 h5
16. Bh6 e5 17. Bxg7 Kxg7 18. d5 Nc8 19. Rc1 Qd8 20. Qg5 Nh7 21. Qxd8 Rxd8 22.
f4 Ne7 23. O-O f5 24. fxe5 dxe5 25. d6 Ng8 26. exf5 Nh6 27. fxg6 Nf6 28. c5 Be8
29. Ng3 Bxg6 30. Bxg6 Kxg6 31. Rxf6+ Kxf6 32. Nce4+ Kg6 33. Ng5 Ng4 34. Ne6 Rg8
35. d7 Nf6 36. d8=Q Raxd8 37. Nxd8 Rxd8 38. Re1 Rd5 39. Rc1 Rd4 40. Re1 Rd5 41.
Rc1 Rd4 42. Ne2 Rxh4 43. Rd1 Nd5 44. Kf2 Kg5 45. g3 Re4 46. Rd3 h4 47. gxh4+
Rxh4 48. Rg3+ Rg4 49. Rf3 Nf4 50. Ng3 Ne6 51. Rf5+ Kg6 52. Rxe5 Kf6 53. Rf5+
Ke7 54. Rh5 Rg5 55. Rh7+ Kd8 56. Ne4 Rf5+ 57. Ke3 Re5 58. Rh8+ Kc7 59. Rh7+ Kb8
60. Kf3 Nxc5 61. Nd6 Rd5 62. Nc4 Ne6 63. Nb6 Rb5 64. Nc4 Nc5 65. Nd6 Rb6 66.
Rh5 { Black lost on time.}   1-0

[Event "Perth Chess League"]
[Site "Perth AUS"]
[Date "2024.04.22"]
[Round "2.3"]
[White "Soutar,Gavin"]
[Black "Kerr,Carter"]
[Result "1-0"]
[BlackElo "1875"]
[BlackFideId "3261859"]
[EventDate "2024.03.12"]
[PlyCount "0"]
[WhiteElo "1717"]
[WhiteFideId "3228991"]

1. c4 e5 2. Nc3 Nf6 3. g3 d5 4. cxd5 Nxd5 5. Bg2 Nxc3 6. bxc3 Bc5 7. e3 Nc6 8.
Ne2 Bg4 9. h3 Bh5 10. O-O O-O 11. g4 Bg6 12. d4 exd4 13. cxd4 Bb6 14. Nf4 Qd6
15. a4 Nb4 16. Nxg6 Qxg6 17. a5 Nc2 18. Ra2 Nb4 19. Ra4 Nd3 20. axb6 Nxc1 21.
Qxc1 Qxb6 22. Qb1 c6 23. Rb4 Qd8 24. Rxb7 a5 25. Bxc6 a4 26. Rb4 a3 27. Bxa8
Qxa8 28. Qa2 Qf3 29. Kh2 Qa8 30. Rb3 Qa6 31. Kg2 Ra8 32. Ra1 Qc6+ 33. f3  1-0

[Event "Perth Chess League"]
[Site "Perth AUS"]
[Date "2024.04.22"]
[Round "2.4"]
[White "Milovanovic,Stevica"]
[Black "Knight,Charles"]
[Result "0-1"]
[BlackElo "1474"]
[BlackFideId "3252027"]
[EventDate "2024.03.12"]
[PlyCount "0"]
[WhiteElo "1506"]
[WhiteFideId "3237540"]

1. e4 c6 2. Nc3 d5 3. exd5 cxd5 4. d4 Nf6 5. Nf3 Bg4 6. Be2 e6 7. a3 Nc6 8. b4
Bd6 9. h3 Bh5 10. g4 Bg6 11. Bd3 Ne4 12. Ne2 O-O 13. Bxe4 Bxe4 14. Nc3 Bxf3 15.
Qxf3 Nxd4 16. Qd3 Qf6 17. O-O Nf3+ 18. Kg2 Nh4+ 19. Kg1 Be5 20. Bd2 Nf3+ 21.
Kg2 Nxd2 22. Ne2 Nxf1 23. Rxf1 Rac8 24. f4 Bd6 25. Ng3 Qb2 26. Rf2 Rc6 27. Qd2
Rfc8 28. Nh5 Rxc2 29. Qe3 Rxf2+ 30. Qxf2 Rc2  0-1

[Event "Perth Chess League"]
[Site "Perth AUS"]
[Date "2024.04.22"]
[Round "2.5"]
[White "Holland,Dennis"]
[Black "Plaganyi,Gyula"]
[Result "1/2-1/2"]
[BlackElo "2053"]
[BlackFideId "3217515"]
[EventDate "2024.03.12"]
[PlyCount "0"]
[WhiteElo "2018"]
[WhiteFideId "3206491"]

1. d4 Nf6 2. c4 e6 3. Nf3 Bb4+ 4. Bd2 Qe7 5. a3 Bxd2+ 6. Nbxd2 d6 7. e3 O-O 8.
Be2 a5 9. b4 c5 10. bxc5 dxc5 11. Ne5 Nc6 12. Nxc6 bxc6 13. Bf3 cxd4 14. exd4
Bb7 15. O-O Rfc8 16. c5 Rc7 17. Nc4 Bc8 18. Nb6 Raa7 19. Nxc8 Rxc8 20. Qa4 Qc7
21. Rab1 Nd7 22. Rfc1 e5 23. Rc2 Rb7 24. Rd1 exd4 25. Qxd4 Qe5 26. Rcd2 Qxd4
27. Rxd4 Nf8 28. g3 g6 29. Rd6 Rb5 30. Rxc6 Rxc6 31. Bxc6 Rxc5 32. Rd6 Ne6 33.
a4 Nc7 34. Kf1 Kg7 35. Bd7 Rd5 36. Rxd5 Nxd5 37. Ke2 Kf6 38. Kd3 Nb6 39. Bb5
Ke5 { With Southern Suburbs already leading 2-1, White quickly accepted Black's
offer of a draw.}   1/2-1/2

[Event "Perth Chess League"]
[Site "Perth AUS"]
[Date "2024.04.22"]
[Round "2.6"]
[White "King,David"]
[Black "Balavignan,Ashvin"]
[Result "1-0"]
[BlackElo "1839"]
[BlackFideId "3261425"]
[EventDate "2024.03.12"]
[PlyCount "0"]
[WhiteElo "2040"]
[WhiteFideId "3246680"]

1. e4 e6 2. d4 d5 3. Nd2 c5 4. exd5 Qxd5 5. Ngf3 cxd4 6. Bc4 Qd6 7. O-O Nf6 8.
Nb3 Nc6 9. Nbxd4 Nxd4 10. Nxd4 Be7 11. c3 O-O 12. Qf3 Qc7 13. Bb3 a5 14. a4 Bd7
15. Bg5 Qc5 16. Be3 Qc7 17. Rfe1 Rfd8 18. Bc2 Be8 19. Qh3 Rd5 20. Qf3 Rad8 21.
Bd3 Rh5 22. h3 Bc5 23. Qe2 Qb6 24. Bc2 Re5 25. Nf3 Red5 26. Bxc5 Qxc5 27. Rad1
b5 28. Rxd5 Rxd5 29. axb5 Bxb5 30. Qe3 Qxe3 31. Rxe3 Rc5 32. Re1 a4 33. Ra1 Kf8
34. Bxa4 Bxa4 35. Rxa4 Rb5 36. b4 Ne4 37. Ra3 e5 38. Rb3 Nd6 39. Nd2 Ke7 40. c4
Rb8 41. f3 f5 42. b5 Nb7 43. Ra3 Kd6 44. Rd3+ Ke6 45. Nb3 Rc8 46. Rc3 Nd6 47.
b6 Nxc4 48. b7 Rb8 49. Rxc4 Rxb7 50. Nc5+ Kd5 51. Nxb7 Kxc4 52. Nd6+ Kd3 53.
Nxf5 g6 54. Nd6  1-0

[Event "Perth Chess League"]
[Site "Perth AUS"]
[Date "2024.04.22"]
[Round "2.7"]
[White "Wu,Kobe"]
[Black "Janceski,Alex"]
[Result "0-1"]
[BlackElo "1886"]
[BlackFideId "3228185"]
[EventDate "2024.03.12"]
[PlyCount "0"]
[WhiteElo "1516"]
[WhiteFideId "3257355"]

1. e4 c5 2. Nf3 d6 3. Bb5+ Bd7 4. Bxd7+ Nxd7 5. c3 Ngf6 6. d3 g6 7. O-O Bg7 8.
Re1 Qc7 9. Be3 O-O 10. Nbd2 b5 11. Rc1 a5 12. b4 axb4 13. cxb4 Rxa2 14. bxc5
dxc5 15. Nb3 c4 16. Nfd2 c3 17. Nd4 b4 18. Nc4 Rb8 19. Qb3 Raa8 20. Nc2 Ng4 21.
h3 Nxe3 22. N4xe3 e6 23. Nxb4 Rb7 24. Rb1 Bf8 25. Nec2 Rab8 26. Qa4 Nc5 27. Qa1
Nd7 28. Na6 Rxb1 29. Rxb1 Rxb1+ 30. Qxb1 Qa5 31. Nab4 Nc5 32. f3 Qb6 33. Qe1
Nxd3+ 34. Qe3 Qxe3+ 35. Nxe3 Nxb4 36. Kf2 c2 37. Nxc2 Nxc2 38. Ke2 Bd6 39. Kf2
Bc5+ 40. Kg3 Ne3 41. h4 h5 42. Kh3 Kg7 43. g4 Kf6 44. gxh5 gxh5 45. f4 e5 46.
f5 Nxf5 47. exf5 Kxf5 48. Kg3 e4 49. Kh3 Kf4 50. Kg2 Ke3 51. Kh2 Kf2 52. Kh3 e3
53. Kh2 e2 54. Kh3 e1=Q 55. Kh2 Qg1+ 56. Kh3 Qg3#  0-1

[Event "Perth Chess League"]
[Site "Perth AUS"]
[Date "2024.04.22"]
[Round "2.8"]
[White "Gong,Leo"]
[Black "Kerr,Lennon"]
[Result "1-0"]
[BlackElo "1712"]
[BlackFideId "3261735"]
[EventDate "2024.03.12"]
[PlyCount "0"]
[WhiteElo "1234"]
[WhiteFideId "3258726"]

1. e4 e6 2. d4 d5 3. exd5 exd5 4. Nf3 Nf6 5. Bd3 c5 6. c3 Nc6 7. O-O cxd4 8.
Nxd4 Nxd4 9. cxd4 Bd6 10. h3 h6 11. Nc3 O-O 12. Re1 Ng4 13. Qf3 Qh4 14. Bf4
Bxf4 15. Qxf4 g5 16. Qf3 h5 17. hxg4 hxg4 18. Qg3 Qh5 19. Nxd5 Kg7 20. Re7 Rh8
21. Qe5+  1-0

[Event "Perth Chess League"]
[Site "Perth AUS"]
[Date "2024.04.22"]
[Round "2.9"]
[White "Hardegen,Andrew"]
[Black "Barry,David"]
[Result "1-0"]
[BlackElo "1941"]
[BlackFideId "3234487"]
[EventDate "2024.03.12"]
[PlyCount "0"]
[WhiteElo "2080"]
[WhiteFideId "3204081"]

1. d4 Nf6 2. c4 e6 3. Nc3 Bb4 4. e3 O-O 5. Bd3 c5 6. Ne2 d5 7. cxd5 cxd4 8. exd4
Nxd5 9. O-O b6 10. a3 Be7 11. Qc2 h6 12. Nxd5 exd5 13. b4 Nd7 14. Qc6 Rb8 15.
Qxd5 Bb7 16. Qf5 Nf6 17. Bf4 Rc8 18. Be5 g6 19. Qh3 Kg7 20. Nf4 { Fatal. Kh7
offers more resistance although White is much better.}  20... Rg8 21. Bxg6 Rh8
( 21... fxg6 22. Ne6+ )22. Bf5 Rc4 23. Qe3 Bc8 24. Bd3 Rc3 25. d5 Rb3 26. d6
Bxd6 27. Nh5+ Kf8 28. Bxf6  1-0

[Event "Perth Chess League"]
[Site "Perth AUS"]
[Date "2024.04.22"]
[Round "2.10"]
[White "Hardegen,Kathryn"]
[Black "Simonds,Marcus"]
[Result "1-0"]
[BlackElo "1795"]
[BlackFideId "3237575"]
[EventDate "2024.03.12"]
[PlyCount "0"]
[WhiteElo "1990"]
[WhiteFideId "3226778"]

1. e4 e6 2. Nc3 c5 3. Nf3 Nc6 4. d4 cxd4 5. Nxd4 Qc7 6. Be3 a6 7. Qd2 b5 8. Bd3
Nf6 9. h3 Bb7 10. f3 Nxd4 11. Bxd4 Bc5 12. Bxc5 Qxc5 13. Qf2 Qxf2+ 14. Kxf2 O-O
15. g4 e5 16. Rad1 Rad8 17. Rhe1 Rfe8 18. Rd2 g5 19. Red1 Kg7 20. Bf1 h5 21.
gxh5 Rh8 22. Rd6 Rxh5 23. Rb6 Bc8 24. Nd5 Nxd5 25. Rxd5 Re8 26. Rdd6 Re6 27.
Rxe6 fxe6 28. Rb8 Rh8 29. c4 bxc4 30. Bxc4 d5 31. exd5 exd5 32. Bxd5 Bxh3 33.
Rxh8 Kxh8 34. Kg3 Bc8 35. b4 Kg7 36. a4 Bd7 37. Bc4 Bc8 38. b5 axb5 39. axb5
Bb7 40. Bd3 Kf6 41. Kg4 Bc8+ 42. Kh5 Bb7 43. Be4 Bxe4 44. fxe4 Ke6 45. Kxg5 Kd6
46. Kf6 Kc5 47. Kxe5 Kxb5 48. Kd6  1-0

[Event "Perth Chess League"]
[Site "Perth AUS"]
[Date "2024.04.22"]
[Round "2.11"]
[White "Taylor,Noah"]
[Black "Roebuck,Derek J"]
[Result "1/2-1/2"]
[BlackElo "1781"]
[BlackFideId "3226999"]
[EventDate "2024.03.12"]
[PlyCount "0"]
[WhiteElo "1798"]
[WhiteFideId "3250121"]

1. e4 e5 2. Nf3 Nc6 3. Bc4 Nf6 4. d3 Be7 5. Nc3 O-O 6. d4 exd4 7. Nxd4 Nxe4 8.
Nxc6 ( 8. Nxe4 d5 )8... bxc6 9. Nxe4 d5 10. O-O dxe4 { Draw agreed.}   1/2-1/2

[Event "Perth Chess League"]
[Site "Perth AUS"]
[Date "2024.04.22"]
[Round "2.12"]
[White "Huang,Hui"]
[Black "Moseley,Paul"]
[Result "1-0"]
[BlackElo "1553"]
[BlackFideId "3250911"]
[EventDate "2024.03.12"]
[PlyCount "0"]
[WhiteElo "1701"]
[WhiteFideId "3247597"]

1. d4 f5 2. Bf4 e6 3. e3 Nf6 4. Be2 b6 5. Nh3 Bb7 6. O-O Bd6 7. Bf3 Ne4 8. c4
Bxf4 9. Nxf4 O-O 10. d5 g5 11. Ne2 Na6 12. Bxe4 fxe4 13. Ng3 Qf6 14. Nxe4 Qe5
15. Nbc3 h6 16. h4 Nc5 17. Nxc5 bxc5 18. Qg4 Qf5 19. Qxf5 exf5 20. hxg5 hxg5
21. Rae1 d6 22. Nb5 Rf7 23. e4 a6 24. Nc3 Re8 25. exf5 Rxe1 26. Rxe1 Rxf5 27.
Re8+ Kg7 28. Rb8  1-0

[Event "Perth Chess League"]
[Site "Perth AUS"]
[Date "2024.05.07"]
[Round "3.1"]
[White "Spirin,Victor"]
[Black "Holland,Dennis"]
[Result "1-0"]
[BlackElo "2018"]
[BlackFideId "3206491"]
[EventDate "2024.03.12"]
[PlyCount "0"]
[WhiteElo "2204"]
[WhiteFideId "54131170"]

1. d4 d5 2. c4 e6 3. Nc3 Nf6 4. Bg5 Be7 5. e3 c6 6. Qc2 Nbd7 7. Nf3 h6 8. Bh4
O-O 9. Rc1 Re8 10. Bd3 dxc4 11. Bxc4 b6 12. O-O Bb7 13. Rfd1 Nd5 14. Bg3 Rc8
15. e4 Nxc3 16. bxc3 Ba3 17. Rb1 Qe7 18. e5 Qf8 19. Qe4 Ba8 20. Bd3 g6 21. Qe3
Be7 22. c4 Red8 23. Be4 Qg7 24. h4 Kh8 25. Bf4 h5 26. Bh6 Qh7 27. Ng5 Qg8 28.
Qf4 Bxg5 29. Bxg5 Re8 30. Rb3 Qf8 31. Rf3 Kg8 32. g4 hxg4 33. Qxg4 Qg7 34. Rg3
Rc7 35. h5 Nf8 36. Bf6 Qh7 37. Rh3  1-0